| 000 -LEADER |
| fixed length control field |
00364nam a22001457a 4500 |
| 003 - CONTROL NUMBER IDENTIFIER |
| control field |
OSt |
| 005 - DATE AND TIME OF LATEST TRANSACTION |
| control field |
20200603131818.0 |
| 008 - FIXED-LENGTH DATA ELEMENTS--GENERAL INFORMATION |
| fixed length control field |
200603b ||||| |||| 00| 0 eng d |
| 020 ## - INTERNATIONAL STANDARD BOOK NUMBER |
| International Standard Book Number |
9788496263543 |
| 082 ## - DEWEY DECIMAL CLASSIFICATION NUMBER |
| Classification number |
728 |
| Item number |
MOS |
| 100 ## - MAIN ENTRY--PERSONAL NAME |
| Personal name |
Mostaedi, Arian |
| 245 ## - TITLE STATEMENT |
| Title |
Great spaces : flexible homes |
| 260 ## - PUBLICATION, DISTRIBUTION, ETC. (IMPRINT) |
| Place of publication, distribution, etc |
Spain |
| Name of publisher, distributor, etc |
Links International |
| Date of publication, distribution, etc |
April 24, 2006 |
| 942 ## - ADDED ENTRY ELEMENTS (KOHA) |
| Source of classification or shelving scheme |
|